Представление документа в формате MARC21

Поле Инд. ПП Название Значение
Тип записи a
Библиографический уровень m
001 Контрольный номер RU/LIBMSTU/279372850
005 Дата корректировки 20200604153631.1
020 00 a ISBN 5-86720-007-8
c Цена, тираж 146-30
084 a Индекс другой классификации/Индекс ББК 63.3(2)5
090 00 a Полочн. индекс 63.3(2)5
x Авторский знак П 16
100 10 a Автор Панченко А. М.
245 00 a Заглавие Русская история и культура
b Продолж. заглавия работы разных лет
260 00 a Место издания Санкт-Петербург
b Издательство Юна
c Дата издания 1999
300 00 a Объем 520 с.
600 14 a Персоналии Петр I Великий, царь всея Руси (с 1682 года), Император Всероссийский (1721-1725)
650 _4 a Основная рубрика Русская культура-История
653 00 a Ключевые слова История России
a Ключевые слова Культура
653 00 a Ключевые слова Крещение Руси
901 t Тип документа m
990 00 f Даты поступлений (DOS) 06.00